[Event "Tarragona Province-ch"]
[Site "Tarragona"]
[Date "2018.11.04"]
[Round "6.9"]
[White "Regue Farran, Enric"]
[Black "Beltran Reverter, Josep M"]
[Result "1-0"]
[WhiteElo "1972"]
[BlackElo "1785"]
[PlyCount "95"]
[EventDate "2018.09.30"]
[EventType "swiss"]
[EventRounds "9"]
[EventCountry "ESP"]
[SourceTitle "CBM 187 Extra"]
[Source "ChessBase"]
[SourceDate "2018.11.04"]
[SourceVersion "1"]
[SourceVersionDate "2018.11.04"]
[SourceQuality "1"]

1. e4 d6 2. d4 Nf6 3. Nc3 g6 4. f4 Bg7 5. Nf3 0-0 6. Bd3 c5 7. dxc5 dxc5 8. Be3 Ng4 9. Bg1 Qa5 10. e5 Rd8 11. Nd2 Nc6 12. Nc4 Qc7 13. h3 Ngxe5 14. fxe5 Nxe5 15. Nxe5 Bxe5 16. Qe2 Be6 17. Bf2 c4 18. Be4 Rd7 19. 0-0 Bh2+ 20. Kh1 Qe5 21. Rad1 Rad8 22. Bxa7 Bf4 23. Rxd7 Rxd7 24. Rd1 f5 25. Rxd7 Bxd7 26. Bd5+ e6 27. Qxe5 Bxe5 28. Bxc4 Kf7 29. Kg1 Bc6 30. Kf2 g5 31. g4 f4 32. Bd3 h6 33. Bb6 Bxc3 34. bxc3 e5 35. Bc4+ Ke8 36. Bc7 e4 37. Bb6 Kd7 38. Bd4 e3+ 39. Kf1 b5 40. Bd3 Kd6 41. Bg7 f3 42. Bxh6 Ke5 43. Bxg5 e2+ 44. Kf2 Bd5 45. a3 Bc6 46. Bd2 Be4 47. Bxe4 Kxe4 48. h4 1-0

[Event "Tarragona Province-ch"]
[Site "Tarragona"]
[Date "2018.10.21"]
[Round "4"]
[White "Beltran Reverter, Josep M"]
[Black "Barberans Sola, Sebastian"]
[Result "0-1"]
[WhiteElo "1785"]
[BlackElo "1906"]
[PlyCount "70"]
[EventDate "2018.09.30"]
[EventType "swiss"]
[EventRounds "9"]
[EventCountry "ESP"]
[SourceTitle "CBM 187 Extra"]
[Source "ChessBase"]
[SourceDate "2018.11.04"]
[SourceVersion "1"]
[SourceVersionDate "2018.11.04"]
[SourceQuality "1"]

1. d4 d5 2. c4 Nc6 3. Nf3 Bg4 4. e3 e5 5. dxe5 d4 6. h3 Bb4+ 7. Ke2 d3+ 8. Qxd3 Bxf3+ 9. gxf3 Qxd3+ 10. Kxd3 Nxe5+ 11. Kc2 Nxf3 12. Nc3 c6 13. Be2 Ne5 14. f4 Nd7 15. a3 Be7 16. e4 Bc5 17. Rd1 Ne7 18. b4 Bf2 19. e5 f5 20. Bf3 Nb6 21. c5 Nbd5 22. Kb3 Ne3 23. Rd2 Be1 24. Rd3 Bxc3 25. Kxc3 N3d5+ 26. Kb3 Kf7 27. Ra2 Rhd8 28. Rad2 Ke6 29. Rd1 Rd7 30. h4 Rad8 31. h5 Ng8 32. Kc4 b5+ 33. Kb3 a5 34. Rg1 a4+ 35. Kc2 Nxb4+ 0-1

[Event "Tarragona-chA"]
[Site "Tarragona"]
[Date "2017.11.12"]
[Round "7"]
[White "Romero Mendez, Antonio"]
[Black "Beltran Reverter, Josep M"]
[Result "1-0"]
[WhiteElo "1964"]
[BlackElo "1809"]
[PlyCount "71"]
[EventDate "2017.10.08"]
[EventType "swiss"]
[EventRounds "9"]
[EventCountry "ESP"]
[SourceTitle "CBM 181 Extra"]
[Source "ChessBase"]
[SourceDate "2017.12.12"]
[SourceVersion "1"]
[SourceVersionDate "2017.12.12"]
[SourceQuality "1"]

1. d4 Nf6 2. Bf4 g6 3. Nf3 Bg7 4. Nbd2 d5 5. e3 0-0 6. Be2 c5 7. c3 Na6 8. 0-0 b6 9. Ne5 Be6 10. h3 Nc7 11. Bf3 Nd7 12. Nc6 Qe8 13. Bxc7 Rc8 14. Nxe7+ Qxe7 15. Bf4 Qh4 16. Bg3 Qe7 17. Re1 Rfe8 18. Nb3 c4 19. Nd2 b5 20. e4 dxe4 21. Nxe4 Nb6 22. Nd6 Qg5 23. Nxc8 Rxc8 24. Qc1 Qf6 25. Be5 Qf5 26. Bg4 Qd3 27. Re3 Bh6 28. f4 Qxe3+ 29. Qxe3 Nd5 30. Qf2 Re8 31. Bxe6 Rxe6 32. Qh4 Bf8 33. Qd8 Ne3 34. d5 Rb6 35. Bc7 Ra6 36. Re1 1-0

[Event "Tarragona-chA"]
[Site "Tarragona"]
[Date "2017.11.01"]
[Round "5"]
[White "Ribes Cabrera, Jordi"]
[Black "Beltran Reverter, Josep M"]
[Result "0-1"]
[WhiteElo "1950"]
[BlackElo "1809"]
[PlyCount "100"]
[EventDate "2017.10.08"]
[EventType "swiss"]
[EventRounds "9"]
[EventCountry "ESP"]
[SourceTitle "CBM 181 Extra"]
[Source "ChessBase"]
[SourceDate "2017.12.12"]
[SourceVersion "1"]
[SourceVersionDate "2017.12.12"]
[SourceQuality "1"]

1. d4 Nf6 2. c4 g6 3. Nc3 Bg7 4. e4 d6 5. f4 0-0 6. Nf3 c5 7. Be2 cxd4 8. Nxd4 Nc6 9. Nxc6 bxc6 10. Be3 Qa5 11. 0-0 Rb8 12. Rb1 Be6 13. h3 Rb7 14. Qd2 Rfb8 15. b3 Nh5 16. Bd4 Ng3 17. Bxg7 Nxf1 18. Rxf1 Kxg7 19. f5 Qc5+ 20. Kh1 Bc8 21. Na4 Qe5 22. c5 Rd7 23. fxg6 hxg6 24. Bg4 e6 25. cxd6 Qxd6 26. Qc3+ Qd4 27. Qxc6 Bb7 28. Qb5 a6 29. Qg5 Bxe4 30. Nc5 Rd5 31. Qf4 Bxg2+ 32. Kxg2 Qxf4 33. Nxe6+ fxe6 34. Rxf4 e5 35. Rf2 Rbd8 36. Be2 a5 37. Bc4 Rd2 38. a4 R2d4 39. Rf7+ Kh6 40. Ra7 Rf8 41. Rxa5 Rd2+ 42. Kg1 e4 43. Re5 Rf4 44. a5 Ra2 45. a6 Ra3 46. Re7 e3 47. Bf1 Ra1 48. Rxe3 Rfxf1+ 49. Kg2 Rfb1 50. b4 Rxa6 0-1

[Event "Amposta Balague Memorial 1st"]
[Site "Amposta"]
[Date "2014.07.24"]
[Round "2"]
[White "Esplugas Esteve, Vicenc"]
[Black "Beltran Reverter, Josep M"]
[Result "1-0"]
[WhiteElo "2251"]
[BlackElo "1850"]
[PlyCount "41"]
[EventDate "2014.07.24"]
[EventType "swiss"]
[EventRounds "7"]
[EventCountry "ESP"]
[SourceTitle "CBM 161 Extra"]
[Source "ChessBase"]
[SourceDate "2014.08.29"]
[SourceVersion "1"]
[SourceVersionDate "2014.08.29"]
[SourceQuality "1"]

1. e4 d6 2. d4 Nf6 3. Nc3 g6 4. f4 Bg7 5. Nf3 0-0 6. e5 Nfd7 7. h4 c5 8. h5 cxd4 9. hxg6 hxg6 10. Qxd4 Nc6 11. Qf2 dxe5 12. Qh4 Re8 13. f5 Nf6 14. fxg6 fxg6 15. Bc4+ e6 16. Bg5 Nd4 17. 0-0-0 Qe7 18. Nxe5 Nf5 19. Qh3 Qc5 20. Bxf6 Bxf6 21. Qh7+ 1-0